[Event "DEN-ch Seniors 65"]
[Site "Aalborg"]
[Date "2022.02.23"]
[Round "4"]
[White "Jensen, Bent Kiel"]
[Black "Bohnstedt, Michael"]
[Result "1-0"]
[WhiteElo "1530"]
[BlackElo "1415"]
[PlyCount "42"]
[EventDate "2022.02.20"]
[EventType "swiss"]
[EventRounds "7"]
[EventCountry "DEN"]
[SourceTitle "EXT 2024"]
[Source "ChessBase"]
[SourceDate "2023.10.10"]
[SourceVersion "1"]
[SourceVersionDate "2023.10.10"]
[SourceQuality "1"]

1. d4 Nf6 2. c4 e6 3. Nf3 b6 4. g3 Bb7 5. Bg2 d5 6. b3 Nbd7 7. 0-0 c5 8. Nbd2 Qc7 9. Bb2 Bd6 10. Rc1 0-0-0 11. dxc5 Nxc5 12. b4 d4 13. bxc5 Bxc5 14. Nb3 e5 15. Nxc5 Qxc5 16. Qa4 Kb8 17. Ba3 Qc7 18. c5 Bc6 19. cxb6 Bxa4 20. bxc7+ Kc8 21. cxd8Q+ Kxd8 1-0

[Event "DEN-ch Seniors 65"]
[Site "Aalborg"]
[Date "2022.02.21"]
[Round "2"]
[White "Christiansen, Arne"]
[Black "Bohnstedt, Michael"]
[Result "1-0"]
[WhiteElo "2036"]
[BlackElo "1415"]
[PlyCount "83"]
[EventDate "2022.02.20"]
[EventType "swiss"]
[EventRounds "7"]
[EventCountry "DEN"]
[SourceTitle "EXT 2024"]
[Source "ChessBase"]
[SourceDate "2023.10.10"]
[SourceVersion "1"]
[SourceVersionDate "2023.10.10"]
[SourceQuality "1"]

1. d4 Nf6 2. c4 e6 3. Nf3 b6 4. g3 Bb7 5. Bg2 d5 6. 0-0 Nc6 7. cxd5 exd5 8. Nc3 Be7 9. Bf4 Bd6 10. Bg5 Be7 11. Rc1 h6 12. Bxf6 Bxf6 13. e3 0-0 14. Nd2 Ne7 15. b4 a6 16. Qb3 c6 17. a4 b5 18. Ne2 Rc8 19. Nf4 Ng6 20. Nd3 Be7 21. Nc5 Bxc5 22. Rxc5 Re8 23. Nf3 Qf6 24. Rfc1 Rc7 25. axb5 axb5 26. Rxb5 Ra8 27. Ra5 Rcc8 28. Rca1 Qd8 29. h4 h5 30. Ng5 Nf8 31. Bh3 Rcb8 32. Qc3 Qe8 33. Rxa8 Rxa8 34. Rxa8 Bxa8 35. Bg2 f6 36. Nf3 Ng6 37. Nd2 Bb7 38. Qc5 Ne7 39. Bh3 Kh8 40. Qd6 Nc8 41. Qb8 Ba6 42. Qa8 1-0